[Event "MPJ_D18"]
[Site "?"]
[Date "2016.03.20"]
[Round "9.12"]
[White "Wilk, Oktawia"]
[Black "Kotula, Magdalena"]
[Result "1-0"]
[BlackElo "1502"]
[WhiteElo "1683"]
[LiveChessVersion "1.4.8"]

1. e4 {[%clk 1:30:55]} e5 {[%clk 1:30:53]} 2. Nf3 {[%clk 1:31:18]} Nc6
{[%clk 1:31:19]} 3. Bb5 {[%clk 1:31:40]} a6 {[%clk 1:31:41]} 4. Ba4
{[%clk 1:32:04]} Nf6 {[%clk 1:32:03]} 5. O-O {[%clk 1:32:10]} b5 {[%clk 1:32:15]}
6. Bb3 {[%clk 1:32:33]} Bc5 {[%clk 1:32:30]} 7. d3 {[%clk 1:32:41]} d6
{[%clk 1:32:34]} 8. c3 {[%clk 1:32:59]} O-O {[%clk 1:32:38]} 9. Be3
{[%clk 1:33:21]} Bb6 {[%clk 1:29:46]} 10. Bxb6 {[%clk 1:33:37]} cxb6
{[%clk 1:30:15]} 11. Nbd2 {[%clk 1:33:43]} Bg4 {[%clk 1:25:03]} 12. h3
{[%clk 1:33:57]} Bd7 {[%clk 1:24:20]} 13. Re1 {[%clk 1:32:38]} Ne7
{[%clk 1:17:18]} 14. Nf1 {[%clk 1:32:25]} Ng6 {[%clk 1:15:02]} 15. Ne3
{[%clk 1:32:00]} Nf4 {[%clk 1:10:27]} 16. Kh2 {[%clk 1:30:32]} Qc8
{[%clk 1:07:01]} 17. Ng1 {[%clk 1:29:27]} g5 {[%clk 0:54:38]} 18. f3
{[%clk 1:26:50]} h5 {[%clk 0:53:07]} 19. g4 {[%clk 1:19:54]} hxg4
{[%clk 0:52:21]} 20. hxg4 {[%clk 1:19:58]} Kg7 {[%clk 0:49:34]} 21. Kg3
{[%clk 1:11:59]} Rh8 {[%clk 0:44:59]} 22. Ng2 Rh1 {[%clk 0:38:08]} 23. Ne2
{[%clk 1:07:28]} Rh3+ {[%clk 0:35:31]} 24. Kf2 {[%clk 1:07:49]} Nxe2
{[%clk 0:28:57]} 25. Qxe2 {[%clk 1:06:24]} Bxg4 {[%clk 0:21:39]} 26. fxg4
{[%clk 1:03:25]} Nxg4+ {[%clk 0:21:37]} 27. Kg1 {[%clk 1:03:21]} Rg3
{[%clk 0:13:53]} 28. Qf1 {[%clk 1:02:21]} f6 {[%clk 0:10:03]} 29. Bd1
{[%clk 0:59:07]} Nh6 {[%clk 0:07:32]} 30. Re3 {[%clk 0:58:20]} Rxe3
{[%clk 0:06:31]} 31. Nxe3 {[%clk 0:58:43]} Qc5 {[%clk 0:06:21]} 32. Qf2
{[%clk 0:58:16]} Rh8 {[%clk 0:03:32]} 33. Kg2 {[%clk 0:58:17]} b4
{[%clk 0:03:24]} 34. cxb4 {[%clk 0:58:13]} Qxb4 {[%clk 0:01:59]} 35. Nd5
{[%clk 0:58:31]} Qb5 {[%clk 0:01:53]} 36. Qxf6+ {[%clk 0:58:54]} Kh7
{[%clk 0:01:59]} 37. Bh5 {[%clk 0:57:33]} Qxb2+ {[%clk 0:01:55]} 38. Kg3
{[%clk 0:56:48]} Rg8 {[%clk 0:01:52]} 39. Ne7 {[%clk 0:55:03]} Qxa1
{[%clk 0:01:27]} 40. Bg6+ {[%clk 0:55:19]} 1-0

[Event "MPJ_D18"]
[Site "?"]
[Date "2016.03.20"]
[Round "9.13"]
[White "Kozaczynska, Aleksandra"]
[Black "Glapa, Anna"]
[Result "1-0"]
[BlackElo "1716"]
[WhiteElo "1683"]
[LiveChessVersion "1.4.8"]

1. e4 {[%clk 1:30:57]} c5 {[%clk 1:30:56]} 2. Nf3 {[%clk 1:31:22]} d6
{[%clk 1:31:22]} 3. d4 {[%clk 1:31:48]} cxd4 {[%clk 1:31:48]} 4. Nxd4
{[%clk 1:32:13]} Nf6 {[%clk 1:32:15]} 5. Nc3 {[%clk 1:32:38]} g6 {[%clk 1:32:41]}
6. f3 {[%clk 1:32:28]} Bg7 {[%clk 1:33:00]} 7. Be3 {[%clk 1:31:41]} O-O
{[%clk 1:32:54]} 8. Bc4 {[%clk 1:30:04]} Nc6 {[%clk 1:28:07]} 9. Qd2
{[%clk 1:28:17]} Bd7 {[%clk 1:25:07]} 10. O-O-O {[%clk 1:23:55]} Rc8
{[%clk 1:22:36]} 11. Bb3 {[%clk 1:20:43]} Na5 {[%clk 1:19:16]} 12. Kb1
{[%clk 1:20:09]} Nc4 {[%clk 1:18:49]} 13. Bxc4 {[%clk 1:20:03]} Rxc4
{[%clk 1:19:12]} 14. g4 {[%clk 1:15:22]} b5 {[%clk 1:14:25]} 15. Nce2
{[%clk 1:03:59]} a5 {[%clk 1:04:23]} 16. Bh6 {[%clk 1:00:53]} a4 {[%clk 1:02:26]}
17. Bxg7 {[%clk 0:58:36]} Kxg7 {[%clk 1:02:49]} 18. c3 {[%clk 0:54:10]} Qb6
{[%clk 0:54:42]} 19. a3 {[%clk 0:51:08]} e5 {[%clk 0:45:19]} 20. Nc2
{[%clk 0:49:19]} Qf2 {[%clk 0:39:37]} 21. Rdf1 {[%clk 0:47:37]} Qb6
{[%clk 0:38:32]} 22. Ng3 {[%clk 0:39:51]} Be6 {[%clk 0:37:12]} 23. g5
{[%clk 0:36:00]} Nd7 {[%clk 0:31:18]} 24. Rd1 {[%clk 0:32:40]} Rc6
{[%clk 0:22:26]} 25. Nb4 {[%clk 0:32:10]} Rcc8 {[%clk 0:20:45]} 26. h4
{[%clk 0:26:08]} Bb3 {[%clk 0:19:22]} 27. Rdg1 {[%clk 0:25:07]} Rh8
{[%clk 0:15:15]} 28. h5 {[%clk 0:21:36]} Rcd8 {[%clk 0:14:05]} 29. Rg2
{[%clk 0:20:25]} Qb8 {[%clk 0:14:09]} 30. Nc6 {[%clk 0:19:43]} Qc7
{[%clk 0:14:20]} 31. Nxd8 {[%clk 0:20:03]} Rxd8 {[%clk 0:14:26]} 32. Rgh2
{[%clk 0:19:00]} Rh8 {[%clk 0:14:45]} 33. Rh3 {[%clk 0:16:46]} Be6
{[%clk 0:14:08]} 34. Rh4 {[%clk 0:16:39]} Qc4 {[%clk 0:14:16]} 35. h6+
{[%clk 0:15:48]} Kg8 {[%clk 0:13:52]} 36. R4h2 {[%clk 0:10:18]} Nc5
{[%clk 0:10:42]} 37. Qxd6 {[%clk 0:05:38]} Qa2+ {[%clk 0:09:54]} 38. Kc1
{[%clk 0:04:59]} Qa1+ {[%clk 0:08:49]} 39. Kd2 {[%clk 0:04:48]} Qxb2+
{[%clk 0:09:00]} 40. Ke1 {[%clk 0:33:10]} Qxc3+ {[%clk 0:38:09]} 41. Rd2
{[%clk 0:32:30]} Nd7 {[%clk 0:34:36]} 42. Kf2 {[%clk 0:27:48]} Qc8
{[%clk 0:32:29]} 43. Rhd1 {[%clk 0:27:08]} Qe8 {[%clk 0:30:49]} 44. Rb1
{[%clk 0:23:28]} f6 {[%clk 0:30:34]} 45. Rxb5 {[%clk 0:22:31]} Kf7
{[%clk 0:29:47]} 46. Rb7 {[%clk 0:21:10]} fxg5 {[%clk 0:28:41]} 47. Qxe5
{[%clk 0:20:47]} Qc8 {[%clk 0:28:15]} 48. Qg7+ {[%clk 0:20:25]} Ke8
{[%clk 0:28:26]} 49. Qxh8+ {[%clk 0:20:22]} Nf8 {[%clk 0:28:51]} 50. Rb4
{[%clk 0:18:59]} 1-0

[Event "MPJ_D18"]
[Site "?"]
[Date "2016.03.20"]
[Round "9.14"]
[White "Stochnialek, Dominika"]
[Black "Trybowska, Anna"]
[Result "1/2-1/2"]
[BlackElo "1573"]
[WhiteElo "1448"]
[LiveChessVersion "1.4.8"]

1. e4 {[%clk 1:31:00]} e5 {[%clk 1:30:46]} 2. Nf3 {[%clk 1:31:25]} Nc6
{[%clk 1:31:08]} 3. Bc4 {[%clk 1:31:51]} h6 {[%clk 1:31:33]} 4. O-O
{[%clk 1:32:04]} Nf6 {[%clk 1:31:57]} 5. d4 {[%clk 1:30:22]} exd4
{[%clk 1:31:26]} 6. e5 {[%clk 1:30:36]} Nh7 {[%clk 1:31:39]} 7. Nxd4
{[%clk 1:29:04]} Be7 {[%clk 1:30:31]} 8. Nxc6 {[%clk 0:54:39]} dxc6
{[%clk 1:30:27]} 9. Qh5 {[%clk 0:47:39]} O-O {[%clk 1:29:20]} 10. Rd1
{[%clk 0:47:57]} Qe8 {[%clk 1:28:55]} 11. Nc3 {[%clk 0:42:12]} Be6
{[%clk 1:28:03]} 12. Bxe6 {[%clk 0:25:10]} fxe6 {[%clk 1:28:28]} 13. Qg4
{[%clk 0:19:32]} Qf7 {[%clk 1:27:03]} 14. Qg3 {[%clk 0:16:08]} Qh5
{[%clk 1:26:37]} 15. Be3 {[%clk 0:14:32]} Rad8 {[%clk 1:21:51]} 16. Rxd8
{[%clk 0:04:46]} Rxd8 {[%clk 1:22:14]} 17. a3 {[%clk 0:03:42]} Ng5
{[%clk 1:21:55]} 18. f4 {[%clk 0:03:32]} Nf7 {[%clk 1:21:34]} 19. Rf1
{[%clk 0:03:03]} Qf5 {[%clk 1:21:54]} 20. Qf2 {[%clk 0:02:47]} b6
{[%clk 1:21:47]} 21. Qe2 {[%clk 0:01:34]} h5 {[%clk 1:21:49]} 22. h3
{[%clk 0:01:14]} Nh6 {[%clk 1:22:05]} 23. Rd1 {[%clk 0:01:05]} Qg6
{[%clk 1:21:42]} 24. Rxd8+ {[%clk 0:00:47]} Bxd8 {[%clk 1:22:07]} 25. Bf2
{[%clk 0:00:50]} Nf5 {[%clk 1:22:26]} 26. Qe4 {[%clk 0:00:50]} Qe8
{[%clk 1:22:29]} 27. g4 {[%clk 0:00:52]} hxg4 28. hxg4 Nh6 {[%clk 1:22:45]} 29.
g5 {[%clk 0:01:25]} Nf5 {[%clk 1:22:06]} 30. Ne2 {[%clk 0:01:23]} Qd7
{[%clk 1:20:44]} 31. Ng3 {[%clk 0:00:46]} Qd1+ {[%clk 1:17:56]} 32. Kg2
{[%clk 0:01:05]} Ne7 {[%clk 1:11:49]} 33. Qe2 {[%clk 0:00:34]} Qd5+
{[%clk 1:11:44]} 34. Qe4 {[%clk 0:00:48]} g6 {[%clk 1:11:36]} 35. c4
{[%clk 0:00:57]} Qd2 {[%clk 1:08:28]} 36. Qd4 {[%clk 0:01:24]} Qxd4
{[%clk 1:08:50]} 37. Bxd4 {[%clk 0:01:53]} Nf5 {[%clk 1:09:05]} 38. Nxf5
{[%clk 0:02:03]} gxf5 {[%clk 1:08:38]} 39. b4 {[%clk 0:01:58]} Kg7
{[%clk 1:08:46]} 40. Kf3 {[%clk 0:30:46]} Be7 {[%clk 1:39:04]} 41. c5
{[%clk 0:22:02]} b5 {[%clk 1:39:13]} 42. Ke3 {[%clk 0:22:21]} a6 {[%clk 1:39:18]}
43. Kd3 {[%clk 0:22:35]} Kg6 {[%clk 1:39:33]} 1/2-1/2

[Event "MPJ_D18"]
[Site "?"]
[Date "2016.03.20"]
[Round "9.15"]
[White "Bebel, Agnieszka"]
[Black "Walkowiak, Bogumila"]
[Result "1/2-1/2"]
[BlackElo "1265"]
[WhiteElo "1706"]
[LiveChessVersion "1.4.8"]

1. e4 {[%clk 1:30:56]} e5 {[%clk 1:30:52]} 2. Nf3 {[%clk 1:31:20]} Nc6
{[%clk 1:31:14]} 3. Bb5 {[%clk 1:31:40]} a6 {[%clk 1:31:26]} 4. Ba4
{[%clk 1:31:49]} Nf6 {[%clk 1:31:21]} 5. d3 {[%clk 1:31:39]} b5 {[%clk 1:31:16]}
6. Bb3 {[%clk 1:32:00]} Be7 {[%clk 1:30:56]} 7. c3 {[%clk 1:32:09]} d6
{[%clk 1:29:56]} 8. Nbd2 {[%clk 1:32:11]} Na5 {[%clk 1:27:49]} 9. Bc2
{[%clk 1:32:12]} c5 {[%clk 1:27:18]} 10. O-O {[%clk 1:31:25]} O-O
{[%clk 1:27:20]} 11. Re1 {[%clk 1:31:20]} Bg4 {[%clk 1:22:12]} 12. h3
{[%clk 1:30:55]} Bh5 {[%clk 1:21:53]} 13. Nf1 {[%clk 1:31:08]} Qc7
{[%clk 1:18:20]} 14. Ng3 {[%clk 1:29:37]} Bg6 {[%clk 1:16:08]} 15. Nh4
{[%clk 1:27:30]} d5 {[%clk 1:02:34]} 16. Nhf5 {[%clk 1:23:27]} dxe4
{[%clk 0:51:47]} 17. dxe4 {[%clk 1:23:35]} Rfd8 {[%clk 0:44:13]} 18. Qe2
{[%clk 1:23:02]} c4 {[%clk 0:39:26]} 19. Rf1 {[%clk 1:20:22]} Ne8
{[%clk 0:16:22]} 20. f4 {[%clk 1:18:46]} f6 {[%clk 0:12:11]} 21. Qg4
{[%clk 1:12:28]} Bxf5 {[%clk 0:07:34]} 22. Nxf5 {[%clk 1:12:18]} Kh8
{[%clk 0:07:10]} 23. Rf3 {[%clk 1:06:56]} Bf8 {[%clk 0:06:33]} 24. Kh1
{[%clk 0:59:02]} Nc6 {[%clk 0:05:31]} 25. h4 {[%clk 0:56:05]} Qf7
{[%clk 0:04:56]} 26. h5 {[%clk 0:53:02]} h6 {[%clk 0:03:39]} 27. Nh4
{[%clk 0:51:32]} Bd6 {[%clk 0:02:45]} 28. Ng6+ {[%clk 0:48:57]} Kh7
{[%clk 0:03:00]} 29. Qf5 {[%clk 0:48:28]} Kg8 {[%clk 0:02:48]} 30. g3
{[%clk 0:40:52]} Ne7 {[%clk 0:02:42]} 31. Nxe7+ {[%clk 0:40:08]} Qxe7
{[%clk 0:03:01]} 32. Be3 {[%clk 0:37:56]} Qd7 {[%clk 0:03:20]} 33. Qg6
{[%clk 0:36:26]} Qf7 {[%clk 0:03:41]} 34. Qg4 {[%clk 0:35:32]} Qd7
{[%clk 0:04:00]} 35. Qh4 {[%clk 0:35:04]} Qf7 {[%clk 0:03:55]} 36. Raf1
{[%clk 0:34:31]} Nc7 {[%clk 0:02:27]} 37. fxe5 {[%clk 0:30:31]} Bxe5
{[%clk 0:02:24]} 38. Rf5 {[%clk 0:29:11]} Qd7 {[%clk 0:02:11]} 39. Qg4
{[%clk 0:26:05]} Kh8 {[%clk 0:02:27]} 40. Qg6 {[%clk 0:54:53]} Qe8
{[%clk 0:32:39]} 41. Qg4 {[%clk 0:54:58]} Qd7 {[%clk 0:32:27]} 42. Rd1
{[%clk 0:53:03]} Qe6 {[%clk 0:30:23]} 43. Bf4 {[%clk 0:49:48]} Bxf4
{[%clk 0:28:19]} 44. gxf4 {[%clk 0:49:58]} Rxd1+ {[%clk 0:21:11]} 45. Qxd1
{[%clk 0:50:14]} Qc6 {[%clk 0:20:52]} 46. Kh2 {[%clk 0:49:31]} Re8
{[%clk 0:20:17]} 47. Qd2 {[%clk 0:42:01]} Ne6 {[%clk 0:15:33]} 48. Rd5
{[%clk 0:38:44]} Qc7 {[%clk 0:14:25]} 49. e5 {[%clk 0:35:51]} Rd8
{[%clk 0:12:28]} 50. Rxd8+ {[%clk 0:32:52]} Qxd8 {[%clk 0:12:25]} 51. Qxd8+
{[%clk 0:31:58]} Nxd8 {[%clk 0:12:53]} 52. exf6 {[%clk 0:30:59]} gxf6
{[%clk 0:13:10]} 53. Bf5 {[%clk 0:31:05]} Nc6 {[%clk 0:10:41]} 54. Bc8
{[%clk 0:30:41]} Nb8 {[%clk 0:09:28]} 55. Kg3 {[%clk 0:29:39]} Kg7
{[%clk 0:08:49]} 56. Kg4 {[%clk 0:29:25]} a5 {[%clk 0:08:17]} 57. a4
{[%clk 0:26:59]} b4 {[%clk 0:07:36]} 58. Be6 {[%clk 0:27:01]} bxc3
{[%clk 0:07:10]} 59. bxc3 {[%clk 0:27:23]} Na6 {[%clk 0:06:44]} 60. Bxc4
{[%clk 0:27:26]} Nc5 {[%clk 0:06:46]} 61. Bb5 {[%clk 0:27:37]} Kf7
{[%clk 0:06:11]} 62. Kf5 {[%clk 0:27:12]} Kg7 {[%clk 0:05:51]} 63. Kg4
{[%clk 0:26:31]} Kf7 {[%clk 0:06:09]} 64. f5 {[%clk 0:26:39]} Ke7
{[%clk 0:06:24]} 65. Kf4 {[%clk 0:25:47]} Kd6 {[%clk 0:06:19]} 66. c4
{[%clk 0:26:01]} Nb3 {[%clk 0:06:10]} 67. Ke4 {[%clk 0:25:01]} Nc5+
{[%clk 0:06:27]} 68. Kd4 {[%clk 0:24:44]} Nb3+ {[%clk 0:06:45]} 69. Kc3
{[%clk 0:24:23]} Nc5 {[%clk 0:07:05]} 1/2-1/2